[Event "EU-ch U10 rapid"]
[Site "Terme Catez"]
[Date "2023.09.28"]
[Round "3"]
[White "Kipen, Svyatoslav"]
[Black "Rusu, Lucas"]
[Result "1/2-1/2"]
[WhiteElo "1530"]
[BlackElo "1791"]
[PlyCount "119"]
[EventDate "2023.09.28"]
[EventType "swiss (rapid)"]
[EventRounds "9"]
[EventCountry "SLO"]
[SourceTitle "EXT 2024"]
[Source "ChessBase"]
[SourceDate "2023.10.10"]
[SourceVersion "1"]
[SourceVersionDate "2023.10.10"]
[SourceQuality "1"]

1. e4 c5 2. Nc3 Nc6 3. g3 e6 4. Bg2 Nf6 5. d3 d6 6. f4 Be7 7. Nf3 0-0 8. 0-0 Rb8 9. a4 a6 10. h3 Qc7 11. g4 b5 12. axb5 axb5 13. f5 b4 14. Ne2 exf5 15. gxf5 Qd7 16. Bf4 Ne8 17. Qd2 Bf6 18. Rab1 Bb7 19. Qe1 b3 20. c3 Ba6 21. Qd2 Ne5 22. c4 Nc7 23. Ng3 Nxf3+ 24. Rxf3 Bd4+ 25. Kh1 Qe7 26. Bg5 f6 27. Bf4 Be5 28. Rg1 Kh8 29. Bf1 Ne8 30. h4 Rg8 31. Be2 Rd8 32. Nf1 Bb7 33. Ne3 Qf7 34. Rf2 Rd7 35. Nf1 Bd4 36. Be3 Be5 37. Bf4 Bd4 38. Ne3 Be5 39. Nf1 Bd4 40. Be3 Be5 41. Nh2 Bc6 42. Ng4 Rf8 43. Rfg2 Rd8 44. Qe1 Rd7 45. Nxe5 fxe5 46. Qg3 Nf6 47. Bf3 Rg8 48. Qg5 Re7 49. h5 h6 50. Qh4 Be8 51. Rg6 Qf8 52. R6g3 Qf7 53. Rg6 Qf8 54. R6g3 Kh7 55. Be2 Rf7 56. Rg6 Re7 57. Bg5 Bxg6 58. hxg6+ Kh8 59. Bxh6 gxh6 60. Qf4 1/2-1/2

[Event "ROM-ch U10"]
[Site "Eforie Nord"]
[Date "2022.04.18"]
[Round "9"]
[White "Rusu, Lucas"]
[Black "Negrean, Andrei"]
[Result "1-0"]
[WhiteElo "1595"]
[BlackElo "1942"]
[PlyCount "97"]
[EventDate "2022.04.11"]
[EventType "swiss"]
[EventRounds "9"]
[EventCountry "ROU"]
[SourceTitle "EXT 2023"]
[Source "ChessBase"]
[SourceDate "2022.10.05"]
[SourceVersion "1"]
[SourceVersionDate "2022.10.05"]
[SourceQuality "1"]

1. e4 c5 2. Nf3 Nc6 3. d4 cxd4 4. Nxd4 g6 5. c4 Nf6 6. Nc3 d6 7. Be2 Nxd4 8. Qxd4 Bg7 9. 0-0 0-0 10. Qd1 Be6 11. Be3 a5 12. Bd4 Nd7 13. Kh1 Bxd4 14. Qxd4 Qb6 15. Qxb6 Nxb6 16. b3 Rfc8 17. Nd5 Bxd5 18. exd5 Rc7 19. f4 Nd7 20. Rfc1 b6 21. Kg1 Kf8 22. Kf2 Rac8 23. Ke3 b5 24. Kd2 Nb6 25. cxb5 Nxd5 26. Rxc7 Rxc7 27. Bf3 Nb6 28. Bc6 e6 29. a4 Ke7 30. b4 Ra7 31. Kc3 d5 32. bxa5 Rxa5 33. Kb4 Nc4 34. Rc1 Ra7 35. Ra1 Ra5 36. b6 Ra6 37. a5 Kd6 38. Bb7 Rxb6+ 39. axb6 Nxb6 40. Ba6 d4 41. Bd3 Nd5+ 42. Kc4 Nxf4 43. g3 Nd5 44. Kxd4 e5+ 45. Kc4 Ne3+ 46. Kc3 f5 47. Bc4 e4 48. Ra6+ Ke5 49. Re6# 1-0